000
00293nam a22001097a 4500
999
_c
158280
_d
158280
082
_a
_b
100
_a
Ramachandran Pillai T G
245
_a
Sahithyapunaravalokanam/
_c
by Ramachandran Pillai T G.
260
_a
Thiruvanathapuram:
_b
Kerala Bhasha Institute,
_c
1985.
650
_a
942
_c
BK